000 00907cam a2200301 i 4500
001 41453
003 Mx-PuUPA
005 20251029102357.0
008 140415s2009 sp gr 001 0 spa d
017 _aM. 42.721-2009
020 _a9788498402643
040 _aMx-PuUPA
_bspa
_cMx-PuUPA
_dMx-PuUPA
_erda
041 0 _aspa
100 1 _aForment Giralt, Eudaldo,
_d1946-
_94853
_eautor
245 1 0 _aMetafísica /
_cEudaldo Forment
264 1 _aMadrid, España :
_bEdiciones Palabra,
_c2009
300 _a318 páginas ;
_c22 cm
336 _2rdacontent
_atexto
_btxt
337 _2rdamedia
_asin medio
_bn
338 _2rdacarrier
_avolumen
_bnc
490 0 _aColección Albatros ;
_v15
490 0 _aManuales de Filosofía
650 7 _2armarc
_aMetafísica
650 7 _2armarc
_aMetafísica
_vManuales
942 _2ddc
_cLI
_h110
_iF62
999 _c41453
_d41453